000 00430nam a22001697a 4500
003 CEME
005 20210628205536.0
008 210308b xxu||||| |||| 00| 0 eng d
020 _a0-07-115864-2
040 _c.
082 _a620.104 VUH'D
100 _aVu, Hung V Esfandiari, Ramin S
_975957
245 _aDynamic systems modeling and analysis
260 _aNEWYORK
_bMCGRAW HILL
_c1998
300 _a622P
942 _cBK
_2ddc
999 _c581366
_d581366